| 000 | 00808nam a2200193 a 4500 | ||
|---|---|---|---|
| 008 | 060606s2005 ||||||||||||||||| || u | ||
| 050 | _aIBRD(08) | ||
| 100 | _aHenisz, Witold J | ||
| 245 | 1 | 0 | _aResistance to Multilateral influence on reform: the political backlash aganist private infrastrure investment |
| 260 |
_aWashington D. C. _bWorld Bank _c2005 |
||
| 300 | _a56p. | ||
| 350 | _a0.00 | ||
| 490 | _aWorld Bank policy research working papers | ||
| 650 | 0 | _aAFRICA--ECONOMIC CONDITIONS | |
| 650 | _aINFRASTRUCTURE INVESTMENT--RESEARCH | ||
| 650 | _aMULTILATERAL INFLUENCE--RESEARCH--REFORMS | ||
| 700 | _aZelner, Bannet A | ||
| 995 |
_D0.00 _FCBU-MAIN LIBRARY (Kitwe) _H1 _I0.00 _UAVAILABLE _WJun 6, 2006 _ZInternational Publications |
||
| 999 |
_c56353 _d56353 |
||